| 000 | 01069nam a2200301 a 4500 | ||
|---|---|---|---|
| 001 | 000038526 | ||
| 003 | DO-SdBNP | ||
| 005 | 20230510115747.0 | ||
| 007 | 000038526 | ||
| 008 | 130412s2012 dr ac 000 0 spa d | ||
| 020 | _a9789945453232 | ||
| 040 |
_aBPMSU _bspa _cBPMSU |
||
| 082 | 4 |
_aRD861.44 _bC965L 2012 _222 |
|
| 100 | 1 |
_aCuevas, Juliao _d1955- |
|
| 245 | 1 | 0 |
_aLiteratura infantil para la imaginación y el pensamiento crítico : _b(métodos y técnicas para su uso) / _cJulio Cuevas ; editor Rafael Paulino ; prólogo Juan Byrón. |
| 260 |
_aSanto Domingo : _bEditorial Somos Literatura, _c2012. |
||
| 300 |
_a92 p. : _bil., _c21 cm. |
||
| 500 | _aIncluye datos biográfico del autor en la solapa de la cubierta | ||
| 590 | _6Inventariado, 2023/VM | ||
| 650 | 4 | _aPoesía infantil dominicana | |
| 650 | 4 |
_aPoesía _xEstudio y enseñanza. |
|
| 650 | 4 | _apensamiento creativo | |
| 650 | 4 | _a Animación a la lectura | |
| 700 | 1 |
_aPaulino, Rafael _eed. |
|
| 700 | 1 |
_aByrón, Juan _epról. |
|
| 910 | _aVMateo V. Control de calidad (BPMSU) | ||
| 942 |
_2ddc _cBK |
||
| 999 |
_c7438 _d7438 |
||